World Countries and Capitals Quiz - Statistics

General Stats
  • This quiz has been taken 38 times
  • The average score is 311 of 392
Answer Stats
Capital City % Correct
Netherlands Amsterdam
100%
Andorra
100%
Greece Athens
100%
Australia
100%
Belgium
100%
Germany Berlin
100%
Belgium Brussels
100%
Canada
100%
China
100%
Denmark Copenhagen
100%
Croatia
100%
Denmark
100%
Ireland Dublin
100%
Estonia
100%
France
100%
Germany
100%
Greece
100%
Iceland
100%
Ireland
100%
Japan
100%
United Kingdom London
100%
Spain Madrid
100%
Monaco Monaco
100%
Russia Moscow
100%
Netherlands
100%
New Zealand
100%
Norway
100%
Canada Ottawa
100%
France Paris
100%
Poland
100%
Portugal
100%
Russia
100%
Sweden Stockholm
100%
Japan Tokyo
100%
United Kingdom
100%
United States
100%
Vatican City Vatican City
100%
New Zealand Wellington
100%
United Arab Emirates Abu Dhabi
92%
Afghanistan
92%
Albania
92%
Algeria
92%
Angola
92%
Argentina
92%
Austria
92%
Azerbaijan
92%
Bahrain
92%
Bangladesh
92%
Barbados
92%
China Beijing
92%
Belize
92%
Benin
92%
Bolivia
92%
Botswana
92%
Brazil
92%
Brunei
92%
Argentina Buenos Aires
92%
Bulgaria
92%
Burundi
92%
Egypt Cairo
92%
Australia Canberra
92%
Cape Verde
92%
Central African Republic
92%
Chile
92%
Colombia
92%
Comoros
92%
Costa Rica
92%
Cuba
92%
Cyprus
92%
Czech Republic
92%
Democratic Republic of the Congo
92%
Ecuador
92%
Egypt
92%
El Salvador
92%
Eritrea
92%
Ethiopia
92%
Federated States of Micronesia
92%
Fiji
92%
Finland
92%
Georgia
92%
Grenada
92%
Guatemala
92%
Guatemala Guatemala City
92%
Guyana
92%
Cuba Havana
92%
Honduras
92%
Hungary
92%
India
92%
Indonesia
92%
Iran
92%
Iraq
92%
Israel
92%
Italy
92%
Jamaica
92%
Kazakhstan
92%
Kenya
92%
Jamaica Kingston
92%
Saint Vincent and the Grenadines Kingstown
92%
Kiribati
92%
Kyrgyzstan
92%
Latvia
92%
Lebanon
92%
Libya
92%
Liechtenstein
92%
Lithuania
92%
Luxembourg Luxembourg
92%
Malawi
92%
Maldives
92%
Mali
92%
Philippines Manila
92%
Marshall Islands
92%
Mexico
92%
Mexico Mexico City
92%
Mongolia
92%
Mozambique
92%
Myanmar
92%
Nicaragua
92%
Niger
92%
Nigeria
92%
North Korea
92%
Oman
92%
Norway Oslo
92%
Pakistan
92%
Palau
92%
Papua New Guinea
92%
Paraguay
92%
Peru
92%
Philippines
92%
Czech Republic Prague
92%
Qatar
92%
Republic of the Congo
92%
Italy Rome
92%
Rwanda
92%
San Marino San Marino
92%
São Tomé and Príncipe São Tomé
92%
São Tomé and Príncipe
92%
Serbia
92%
Seychelles
92%
Singapore Singapore
92%
Slovakia
92%
Slovenia
92%
Solomon Islands
92%
South Africa
92%
South Korea
92%
South Sudan
92%
Spain
92%
Sudan
92%
Suriname
92%
Sweden
92%
Switzerland
92%
Syria
92%
Taiwan
92%
Tajikistan
92%
Tanzania
92%
Togo
92%
Trinidad and Tobago
92%
Turkey
92%
Turkmenistan
92%
Tuvalu
92%
Uganda
92%
United Arab Emirates
92%
Uruguay
92%
Uzbekistan
92%
Venezuela
92%
United States Washington D.C.
92%
Yemen
92%
Zambia
92%
Zimbabwe
92%
Turkey Ankara
83%
Antigua and Barbuda
83%
Armenia
83%
Iraq Baghdad
83%
Bahamas
83%
Azerbaijan Baku
83%
Thailand Bangkok
83%
Belarus
83%
Switzerland Bern
83%
Bhutan
83%
Colombia Bogotá
83%
Bosnia and Herzegovina
83%
Brazil Brasília
83%
Hungary Budapest
83%
Burkina Faso
83%
Cambodia
83%
Cameroon
83%
Venezuela Caracas
83%
Chad
83%
Syria Damascus
83%
Djibouti Djibouti
83%
Dominica
83%
Dominican Republic
83%
East Timor
83%
Equatorial Guinea
83%
Eswatini
83%
Gabon
83%
Gambia
83%
Ghana
83%
Guinea
83%
Guinea-Bissau
83%
Haiti
83%
Finland Helsinki
83%
Pakistan Islamabad
83%
Indonesia Jakarta
83%
Israel Jerusalem
83%
Jordan
83%
Ukraine Kiev
83%
Kosovo
83%
Kuwait
83%
Kuwait Kuwait City
83%
Laos
83%
Lesotho
83%
Liberia
83%
Peru Lima
83%
Portugal Lisbon
83%
Madagascar
83%
Malaysia
83%
Malta
83%
Mauritius
83%
Moldova
83%
Montenegro
83%
Morocco
83%
Namibia
83%
Nauru
83%
Nepal
83%
India New Delhi
83%
Cyprus Nicosia
83%
North Macedonia
83%
Panama
83%
Panama Panama City
83%
South Africa Pretoria / Cape Town / Bloemfontein
83%
North Korea Pyongyang
83%
Iceland Reykjavík
83%
Romania
83%
Saint Kitts and Nevis
83%
Saint Lucia
83%
Saint Vincent and the Grenadines
83%
Samoa
83%
Chile Santiago
83%
Bosnia and Herzegovina Sarajevo
83%
Saudi Arabia
83%
Senegal
83%
South Korea Seoul
83%
Sierra Leone
83%
Bulgaria Sofia
83%
Somalia
83%
Sri Lanka
83%
Taiwan Taipei
83%
Estonia Tallinn
83%
Iran Tehran
83%
Thailand
83%
Tunisia Tunis
83%
Tunisia
83%
Ukraine
83%
Vanuatu
83%
Austria Vienna
83%
Vietnam
83%
Poland Warsaw
83%
Croatia Zagreb
83%
Ethiopia Addis Ababa
75%
Algeria Algiers
75%
Andorra Andorra la Vella
75%
Lebanon Beirut
75%
Serbia Belgrade
75%
Guinea-Bissau Bissau
75%
Slovakia Bratislava
75%
Romania Bucharest
75%
Bangladesh Dhaka
75%
Ivory Coast
75%
Afghanistan Kabul
75%
Nepal Kathmandu
75%
Malaysia Kuala Lumpur
75%
Bolivia La Paz / Sucre
75%
Slovenia Ljubljana
75%
Mauritania
75%
Belarus Minsk
75%
Bahamas Nassau
75%
Montenegro Podgorica
75%
Haiti Port-au-Prince
75%
Kosovo Pristina
75%
Ecuador Quito
75%
Latvia Riga
75%
Saudi Arabia Riyadh
75%
Albania Tirana
75%
Tonga
75%
Libya Tripoli
75%
Mongolia Ulaanbaatar
75%
Liechtenstein Vaduz
75%
Malta Valletta
75%
Lithuania Vilnius
75%
Nigeria Abuja
67%
Kazakhstan Astana
67%
Paraguay Asunción
67%
Belize Belmopan
67%
Moldova Chișinău
67%
Qatar Doha
67%
Guyana Georgetown
67%
Vietnam Hanoi
67%
Uganda Kampala
67%
Sudan Khartoum
67%
Democratic Republic of the Congo Kinshasa
67%
Uruguay Montevideo
67%
Oman Muscat
67%
Kenya Nairobi
67%
Cambodia Phnom Penh
67%
Morocco Rabat
67%
Costa Rica San José
67%
El Salvador San Salvador
67%
Georgia Tbilisi
67%
Ghana Accra
58%
Jordan Amman
58%
Madagascar Antananarivo
58%
Eritrea Asmara
58%
Republic of the Congo Brazzaville
58%
Barbados Bridgetown
58%
Senegal Dakar
58%
East Timor Dili
58%
Zimbabwe Harare
58%
Maldives Malé
58%
Nicaragua Managua
58%
Somalia Mogadishu
58%
Burkina Faso Ouagadougou
58%
Suriname Paramaribo
58%
Papua New Guinea Port Moresby
58%
Yemen Sana'a
58%
North Macedonia Skopje
58%
Laos Vientiane
58%
Samoa Apia
50%
Brunei Bandar Seri Begawan
50%
Kyrgyzstan Bishkek
50%
Saint Lucia Castries
50%
Tanzania Dodoma
50%
Sierra Leone Freetown
50%
Tuvalu Funafuti
50%
Solomon Islands Honiara
50%
South Sudan Juba
50%
Rwanda Kigali
50%
Togo Lomé
50%
Angola Luanda
50%
Bahrain Manama
50%
Mozambique Maputo
50%
Eswatini Mbabane
50%
Liberia Monrovia
50%
Chad N'Djamena
50%
Mauritania Nouakchott
50%
Trinidad and Tobago Port-of-Spain
50%
Grenada Saint George's
50%
Antigua and Barbuda Saint John's
50%
Dominican Republic Santo Domingo
50%
Fiji Suva
50%
Uzbekistan Tashkent
50%
Honduras Tegucigalpa
50%
Bhutan Thimphu
50%
Seychelles Victoria
50%
Namibia Windhoek
50%
Cameroon Yaoundé
50%
Armenia Yerevan
50%
Turkmenistan Ashgabat
42%
Mali Bamako
42%
Central African Republic Bangui
42%
Gambia Banjul
42%
Saint Kitts and Nevis Basseterre
42%
Guinea Conakry
42%
Tajikistan Dushanbe
42%
Botswana Gaborone
42%
Gabon Libreville
42%
Malawi Lilongwe
42%
Zambia Lusaka
42%
Lesotho Maseru
42%
Comoros Moroni
42%
Myanmar Naypyidaw
42%
Niger Niamey
42%
Federated States of Micronesia Palikir
42%
Mauritius Port Louis
42%
Benin Porto-Novo / Cotonou
42%
Vanuatu Port Vila
42%
Cape Verde Praia
42%
Dominica Roseau
42%
Kiribati South Tarawa
42%
Sri Lanka Sri Jayawardenepura Kotte
42%
Ivory Coast Yamoussoukro
42%
Burundi Gitega
33%
Marshall Islands Majuro
33%
Equatorial Guinea Malabo
33%
Palau Ngerulmud
33%
Tonga Nukuʻalofa
33%
Nauru Yaren
33%
No matching quizzes found
Score Distribution
Percent of People with Each Score
Percentile by Number Answered
Your Score History
You have not taken this quiz